[Event "EuTCh"]
[Site "Leon ESP"]
[Date "2001.11.09"]
[Round "4"]
[White "Arlandi,E"]
[Black "Kallio,H"]
[Result "1/2-1/2"]
[WhiteElo "2453"]
[BlackElo "2517"]
[EventDate "2001.11.06"]

1. d4 Nf6 2. c4 e6 3. Nc3 Bb4 4. Qc2 O-O 5. a3 Bxc3+ 6. Qxc3 b6 7. Bg5 h6
8. Bh4 Ba6 9. e3 d6 10. Bd3 Nbd7 11. b4 c5 12. dxc5 bxc5 13. Nf3 Rc8 14. b5
Bb7 15. O-O Qe7 16. Rfd1 Rfd8 17. a4 Bxf3 18. gxf3 Ne5 19. Be2 Ng6 20. Bg3
h5 21. h3 e5 22. Qc2 h4 23. Bh2 Qe6 24. Kg2 Ne7 25. Bd3 g6 26. a5 Nh5 27.
Be4 Rb8 28. a6 Rb6 29. f4 exf4 30. Bxf4 Nxf4+ 31. exf4 Qf6 32. Qd2 Kh7 33.
Ra3 Nf5 34. Bxf5 gxf5 35. Qd5 Rg8+ 36. Kf1 Rg6 37. Rad3 Kh6 38. Qa8 d5 39.
Qf8+ Kh7 40. Rxd5 Re6 41. Re5 Rxe5 42. fxe5 Qe6 43. Qxc5 f4 44. Rd3 Qf5 45.
Qd5 Re6 46. Rb3 Kh6 47. b6 Qc2 48. c5 Qc1+ 49. Ke2 Qa1 50. Kd2 Rxe5 51.
Qd6+ Kh5 52. b7 Qe1+ 53. Kd3 Qd1+ 54. Kc3 Qa1+ 55. Kc4 Qa4+ 56. Kc3 Qa1+
57. Rb2 Qa3+ 58. Rb3 Qa1+ 59. Kd3 Qd1+ 60. Kc3 Qa1+ 61. Kd3 Qd1+ 62. Kc3
Qa1+ 63. Kd3 Qd1+ 64. Kc3 1/2-1/2

[Event "EuTCh"]
[Site "Leon ESP"]
[Date "2001.11.09"]
[Round "4"]
[White "Norri,J"]
[Black "Borgo,G"]
[Result "1-0"]
[WhiteElo "2418"]
[BlackElo "2424"]
[EventDate "2001.11.06"]

1. d4 d5 2. c4 e6 3. Nc3 Nf6 4. Nf3 Nbd7 5. Bg5 c6 6. cxd5 exd5 7. e3 Be7
8. Bd3 Nh5 9. Bxe7 Qxe7 10. Qc2 g6 11. O-O-O Nb6 12. h3 Be6 13. Kb1 Ng7 14.
g4 O-O-O 15. Na4 Nxa4 16. Qxa4 Kb8 17. Rc1 Ne8 18. Rc3 Nd6 19. Rhc1 Bd7 20.
Qb4 Rhe8 21. Rb3 Rc8 22. Ne5 Rc7 23. g5 Rec8 24. h4 f6 25. gxf6 Qxf6 26. a4
Nf7 27. Ba6 Bf5+ 28. e4 c5 29. Rxc5 Qxa6 30. exf5 Nxe5 31. Rxc7 Rxc7 32.
dxe5 gxf5 33. Rg3 Qf1+ 34. Ka2 Qc4+ 35. Qxc4 Rxc4 36. Rg8+ Kc7 37. Rg7+ Kc6
38. Rxh7 Rxa4+ 39. Kb3 Rf4 40. Rf7 Rxf2 41. h5 f4 42. h6 Rh2 43. h7 f3 44.
e6 f2 45. e7 Rh3+ 46. Rf3 Rxf3+ 47. Ka2 Re3 48. h8=Q f1=Q 49. Qh6+ Kd7 50.
Qxe3 Qc4+ 51. b3 Qa6+ 52. Kb1 Ke8 53. Qe5 Qc6 54. Qg7 Kd7 55. Qf7 1-0

[Event "EuTCh"]
[Site "Leon ESP"]
[Date "2001.11.09"]
[Round "4"]
[White "Belotti,B"]
[Black "Holmsten,A"]
[Result "1/2-1/2"]
[WhiteElo "2403"]
[BlackElo "2422"]
[EventDate "2001.11.06"]

1. Nf3 c5 2. b3 d5 3. e3 Nc6 4. Bb5 Bd7 5. Bb2 Nf6 6. O-O e6 7. Bxc6 Bxc6
8. Ne5 Rc8 9. d3 Be7 10. Nd2 O-O 11. f4 Nd7 12. Qg4 Nxe5 13. fxe5 Bg5 14.
Rae1 d4 15. Nc4 b5 16. Nd6 Bxe3+ 17. Rxe3 dxe3 18. Nxc8 Qxc8 19. Bc1 Qc7
20. Qg3 e2 21. Re1 f5 22. exf6 Qxg3 23. hxg3 gxf6 24. Rxe2 Kf7 25. Be3 c4
26. dxc4 bxc4 27. bxc4 Rb8 28. Bxa7 Ra8 29. Be3 Rxa2 30. Rd2 Be4 31. c5 h5
32. c4 Rxd2 33. Bxd2 Kg6 34. Kf2 Kf5 35. Bh6 Bc6 36. Bg7 Bb7 37. Kg1 Kg6
38. Bf8 Kf7 39. Bd6 Ke8 40. Kf2 Kd7 41. Kg1 Ba6 42. Bf8 Bxc4 43. Bg7 f5 44.
Kf2 Bd5 45. Ke3 Bxg2 46. Kf4 Kc6 47. Bf6 Kxc5 48. Bg7 Kd5 1/2-1/2

[Event "EuTCh"]
[Site "Leon ESP"]
[Date "2001.11.09"]
[Round "4"]
[White "Sommerbauer,N"]
[Black "David,Alb"]
[Result "1/2-1/2"]
[WhiteElo "2410"]
[BlackElo "2522"]
[EventDate "2001.11.06"]

1. e4 d6 2. d4 Nf6 3. f3 e5 4. dxe5 dxe5 5. Qxd8+ Kxd8 6. Bc4 Ke8 7. Be3
Nbd7 8. Nd2 Bc5 9. Ke2 Ke7 10. Nh3 Ne8 11. Nf2 Nd6 12. Nd3 Bxe3 13. Kxe3 f6
14. a4 a5 15. Bb3 Nf8 16. Nc4 Nxc4+ 17. Bxc4 Be6 18. Bxe6 Nxe6 19. f4 exf4+
20. Nxf4 Ra6 21. Rhd1 Nxf4 22. Kxf4 Rc6 23. c3 Rb6 24. Rab1 Rd8 25. Rxd8
Kxd8 26. e5 fxe5+ 27. Kxe5 Rh6 28. h3 Ke7 29. b4 Ra6 30. bxa5 Rxa5+ 31. Rb5
Ra7 32. a5 c6 33. Rc5 Ra8 34. Ke4 Kd6 35. Rg5 Re8+ 36. Kd4 g6 37. h4 Rf8
38. g3 Rf6 39. Ke4 Re6+ 40. Kd4 Rf6 41. Ke4 Re6+ 1/2-1/2

[Event "EuTCh"]
[Site "Leon ESP"]
[Date "2001.11.09"]
[Round "4"]
[White "Wagener,C"]
[Black "Danner,G"]
[Result "0-1"]
[WhiteElo "2183"]
[BlackElo "2416"]
[EventDate "2001.11.06"]

1. e4 c5 2. Nf3 d6 3. d4 cxd4 4. Nxd4 Nf6 5. Nc3 a6 6. f4 e5 7. Nf3 Nbd7 8.
a4 Be7 9. Bd3 O-O 10. O-O exf4 11. Bxf4 Ne5 12. Nxe5 dxe5 13. Bg5 Ng4 14.
Bxe7 Qxe7 15. Qe1 Be6 16. Qg3 Rac8 17. Kh1 f6 18. Nd5 Bxd5 19. exd5 Nh6 20.
c4 a5 21. Ra3 Qb4 22. Rb3 Qe7 23. Rb6 Kh8 24. d6 Qe6 25. Rxb7 Rf7 26. Rb5
Qxd6 27. Rxa5 Qd4 28. Rd5 Qxb2 29. h3 Qa3 30. Qh4 Qxa4 31. Qe4 g6 32. Qe3
Kg7 33. g4 Qa7 34. c5 Rd7 35. Rxd7+ Qxd7 36. g5 Ng8 37. h4 Qd5+ 38. Be4
Qxc5 39. gxf6+ Nxf6 40. Qf3 Nxe4 41. Qxe4 Qc6 42. Qxc6 Rxc6 43. Kg2 Rc2+
44. Kg3 Rc3+ 45. Kg2 Rc4 46. Kg3 h5 0-1

[Event "EuTCh"]
[Site "Leon ESP"]
[Date "2001.11.09"]
[Round "4"]
[White "Volkmann,F"]
[Black "Brittner,S"]
[Result "1-0"]
[WhiteElo "2414"]
[BlackElo "2202"]
[EventDate "2001.11.06"]

1. Nf3 g6 2. e4 Bg7 3. d4 d6 4. Bc4 Nf6 5. Qe2 O-O 6. O-O Bg4 7. e5 dxe5 8.
dxe5 Nd5 9. Nbd2 Nc6 10. Qe4 Be6 11. Nb3 b6 12. Nbd4 Nxd4 13. Nxd4 Kh8 14.
Nxe6 fxe6 15. Bg5 c6 16. Rad1 Qc7 17. f4 b5 18. Be2 Qb6+ 19. Rf2 Rad8 20.
Rd3 Kg8 21. Bg4 c5 22. h4 c4 23. Rh3 Nc7 24. Bxe7 Rd2 25. Be2 Rf7 26. Bd6
Nd5 27. Rhf3 Bh6 28. g3 Bf8 29. Bxf8 Rxf8 30. h5 Ne7 31. hxg6 hxg6 32. Bf1
Rfd8 33. Qe3 Qxe3 34. Rxe3 Nf5 35. Ref3 Rxf2 36. Rxf2 Kf7 37. Kg2 Ne3+ 38.
Kf3 Nd1 39. Rh2 Nxb2 40. Rh7+ Kg8 41. Rxa7 Rd2 42. Bh3 Rxc2 43. Bxe6+ Kf8
44. Rf7+ Ke8 45. Rb7 Nd1 46. Bf7+ Kf8 47. Bxg6 Rf2+ 48. Kg4 c3 49. Kg5 Ne3
50. f5 Rxa2 51. f6 Ra8 52. Rh7 1-0

[Event "EuTCh"]
[Site "Leon ESP"]
[Date "2001.11.09"]
[Round "4"]
[White "Weber,Je"]
[Black "Baumegger,S"]
[Result "1/2-1/2"]
[WhiteElo "2249"]
[BlackElo "2395"]
[EventDate "2001.11.06"]

1. d4 Nf6 2. c4 d6 3. Nc3 Nbd7 4. e4 e5 5. Nf3 g6 6. g3 Bg7 7. Bg2 O-O 8.
O-O a6 9. h3 b5 10. cxb5 axb5 11. b4 Bb7 12. d5 Nb6 13. Qd3 Nbxd5 14. Nxd5
Nxd5 15. Qxb5 Nb6 16. Qe2 Ra4 17. Bd2 Qa8 18. Rfc1 Rc8 19. Ne1 Rxa2 20.
Rxa2 Qxa2 21. h4 c6 22. Bh3 Rd8 23. Rc2 Qa8 24. Bg5 f6 25. Ra2 Qb8 26. Be6+
Kh8 27. Be3 Bc8 28. Bb3 d5 29. Bc5 dxe4 30. Qxe4 Nd5 31. Ra7 Bf5 32. Qc4
Bf8 33. Rf7 Bxc5 34. bxc5 Be6 35. Rxf6 Nxf6 36. Qxe6 Rf8 37. Nf3 Qe8 38.
Qxe5 Qxe5 39. Nxe5 Ne4 40. Nxc6 Nxc5 41. Bd5 Nd3 42. f4 Re8 43. Kg2 Re3 44.
Bc4 Nc5 45. Kf2 Rc3 46. Bd5 Nd3+ 47. Kg2 Nc1 48. Bf3 Rc2+ 49. Kh3 Nd3 50.
Nd4 Rd2 51. Ne6 h5 52. g4 Ne1 53. Be4 Re2 54. Ng5 Re3+ 55. Kh2 hxg4 56.
Bxg6 Kg7 57. Bh5 g3+ 58. Kg1 Nd3 59. Nh3 Kf6 60. Bg4 Ne1 61. Ng5 Kg6 62.
h5+ Kg7 63. Nh3 Kf6 64. Kf1 Nf3 65. Bxf3 Rxf3+ 66. Kg2 Ra3 67. h6 Kg6
1/2-1/2

[Event "EuTCh"]
[Site "Leon ESP"]
[Date "2001.11.09"]
[Round "4"]
[White "Seitaj,I"]
[Black "Heidenfeld,M"]
[Result "1-0"]
[WhiteElo "2386"]
[BlackElo "2382"]
[EventDate "2001.11.06"]

1. e4 e6 2. d4 d5 3. Nc3 dxe4 4. Nxe4 Be7 5. Nf3 Nf6 6. Nxf6+ Bxf6 7. Bd3
c5 8. dxc5 Qa5+ 9. Bd2 Qxc5 10. c3 Nc6 11. O-O Bd7 12. Be3 Qe7 13. Qe2 O-O
14. Rad1 Rfd8 15. Nd2 Ne5 16. Bc2 Bc6 17. f4 Nd7 18. Ne4 b6 19. Nxf6+ Nxf6
20. Bd4 Rd5 21. Rf2 Rad8 22. Re1 Qf8 23. h3 h6 24. Bb1 R8d7 25. Qc2 Qd8 26.
a3 Bb7 27. Rff1 Kf8 28. Ba2 R5d6 29. f5 exf5 30. Rxf5 Re7 31. Rxe7 Qxe7 32.
Re5 Qd7 33. Re1 Qc6 34. Qf2 Nd5 35. Qg3 g5 36. Bb1 Nf4 37. Be4 Qd7 38. Bxb7
Qxb7 39. Kh2 Qd7 40. Qf3 Rd5 41. Be5 Nd3 42. Rd1 Rxe5 43. Rxd3 Qc7 44. Qg3
Qe7 45. Rd7 Qxd7 46. Qxe5 Qc6 47. b3 a5 48. a4 f6 49. Qd4 Kg7 50. b4 axb4
51. cxb4 h5 52. Kh1 Kg6 53. a5 bxa5 54. bxa5 Qc1+ 55. Qg1 Qa3 56. Qb1+ Kh6
57. Qf5 Qa1+ 58. Kh2 Qd4 59. Kg3 Qe3+ 60. Kh2 Qd4 61. g3 Kg7 62. Kg2 g4 63.
hxg4 hxg4 64. a6 Qa1 65. Qd3 f5 66. Qd6 Qa2+ 67. Kf1 f4 68. Qd7+ Kh6 69.
Qd6+ 1-0

[Event "EuTCh"]
[Site "Leon ESP"]
[Date "2001.11.09"]
[Round "4"]
[White "Brady,S"]
[Black "Rama,L"]
[Result "1-0"]
[WhiteElo "2333"]
[BlackElo "2311"]
[EventDate "2001.11.06"]

1. e4 e5 2. Nf3 Nc6 3. d4 exd4 4. Nxd4 Nf6 5. Nxc6 bxc6 6. e5 Qe7 7. Qe2
Nd5 8. c4 Ba6 9. b3 Qh4 10. a3 Bc5 11. g3 Bxf2+ 12. Qxf2 Qe4+ 13. Kd1 Qxh1
14. Nd2 c5 15. Kc2 O-O 16. Bb2 Bb7 17. cxd5 Qxd5 18. Bd3 Rab8 19. Rf1 Qc6
20. Qf5 g6 21. Qg5 Ba6 22. Be4 Qb5 23. Qf6 1-0

[Event "EuTCh"]
[Site "Leon ESP"]
[Date "2001.11.09"]
[Round "4"]
[White "Cobb,J"]
[Black "Kotronias,V"]
[Result "0-1"]
[WhiteElo "2335"]
[BlackElo "2548"]
[EventDate "2001.11.06"]

1. Nf3 Nf6 2. g3 g6 3. Bg2 Bg7 4. c4 O-O 5. O-O d6 6. Nc3 e5 7. d3 h6 8.
Rb1 a5 9. a3 Re8 10. Nd2 c6 11. Nde4 Nxe4 12. dxe4 Na6 13. b4 axb4 14. axb4
Nc7 15. Qd3 Ne6 16. Rd1 Qf6 17. Be3 Nd4 18. Ra1 Be6 19. Bxd4 exd4 20. Na4
Ra6 21. Ra3 Rea8 22. Rda1 Qd8 23. c5 dxc5 24. Nxc5 Bc4 25. Qxc4 Rxa3 26.
Rxa3 Rxa3 27. Nxb7 Ra1+ 28. Bf1 Qd7 29. Na5 Qh3 30. e3 dxe3 31. fxe3 Be5
32. Nxc6 Bxg3 33. hxg3 Qxg3+ 34. Kh1 Qf2 35. Ne7+ Kh7 0-1

[Event "EuTCh"]
[Site "Leon ESP"]
[Date "2001.11.09"]
[Round "4"]
[White "Clerides,P"]
[Black "Zeidler,S"]
[Result "0-1"]
[WhiteElo "2188"]
[BlackElo "2296"]
[EventDate "2001.11.06"]

1. e4 d5 2. exd5 Qxd5 3. Nc3 Qa5 4. d4 Nf6 5. Nf3 c6 6. Bc4 Bf5 7. O-O e6
8. Bd2 Qc7 9. Qe2 Nbd7 10. Bb3 Bd6 11. Rfe1 O-O-O 12. Rad1 Bg4 13. h3 Bh5
14. g4 Bg6 15. Ne5 Nd5 16. h4 Bxe5 17. dxe5 h5 18. g5 Bf5 19. Na4 Ne7 20.
Bb4 c5 21. Rxd7 Rxd7 22. Nxc5 Rd4 23. c3 Rg4+ 24. Kf1 Rxh4 25. Kg2 Rg4+ 26.
Kh2 Ng6 27. Ba4 Rd8 28. Qe3 f6 29. gxf6 gxf6 30. f4 Nxf4 31. Bd1 Rh4+ 32.
Kg3 Rh3+ 0-1

[Event "EuTCh"]
[Site "Leon ESP"]
[Date "2001.11.09"]
[Round "4"]
[White "May,F"]
[Black "Antoniou,A"]
[Result "0-1"]
[WhiteElo "2174"]
[BlackElo "2231"]
[EventDate "2001.11.06"]

1. d4 b6 2. e4 e6 3. Nf3 Bb7 4. Bd3 c5 5. c3 Nf6 6. Nbd2 cxd4 7. cxd4 Nc6
8. a3 Be7 9. O-O d6 10. Re1 a6 11. Nf1 Rc8 12. Ng3 O-O 13. h3 b5 14. b3 Qc7
15. Bb2 Rfd8 16. Rc1 Qb8 17. Qd2 Bf8 18. Bb1 Ne7 19. Rcd1 Ng6 20. h4 Be7
21. h5 Nf8 22. Qf4 h6 23. d5 e5 24. Qd2 N8d7 25. Nh2 Nc5 26. Re3 Rc7 27.
Nf5 Nxh5 28. Qe2 Nf4 29. Qg4 Ng6 30. Nf3 Bc8 31. g3 Bf6 32. Kg2 Kf8 33. Rh1
Ne7 34. Qh5 Bxf5 35. exf5 Nxd5 36. Rxe5 dxe5 37. Bxe5 Bxe5 38. Nxe5 Nf6 0-1

[Event "EuTCh"]
[Site "Leon ESP"]
[Date "2001.11.09"]
[Round "4"]
[White "Georghiou,A"]
[Black "Varley,P"]
[Result "0-1"]
[WhiteElo "2155"]
[BlackElo "2197"]
[EventDate "2001.11.06"]

1. d4 d6 2. e4 g6 3. Bc4 Bg7 4. Nf3 Nf6 5. Nc3 O-O 6. h3 c6 7. Qe2 d5 8.
exd5 cxd5 9. Bb3 b6 10. Bf4 Ba6 11. Qd2 Nc6 12. Ne5 Rc8 13. O-O-O Na5 14.
f3 Nxb3+ 15. axb3 e6 16. g4 Ne8 17. h4 f6 18. Nd3 Qd7 19. Rde1 Nc7 20. Nb4
Bb7 21. h5 g5 22. Bg3 h6 23. Re3 a5 24. Nba2 b5 25. Rhe1 Rfe8 26. Kb1 Bc6
27. b4 axb4 28. Nxb4 Bf8 29. Nca2 Ra8 30. Bxc7 Qxc7 31. Rxe6 Rxe6 32. Rxe6
Qa7 33. c3 Be8 34. Ra6 Qh7+ 35. Qc2 Rxa6 36. Qxh7+ Kxh7 37. Nxa6 f5 38. Nc7
Bc6 39. Ne6 Bd6 40. Nd8 Bd7 41. Nf7 fxg4 42. fxg4 Bf4 43. Nb4 Bxg4 44. Nxd5
Bxh5 45. Ne5 Bxe5 46. dxe5 Bf3 47. Ne3 h5 48. Kc1 h4 49. Kd2 Kg6 50. Ke1 h3
51. Nf1 Kf5 52. Kf2 g4 53. Kg3 Kxe5 54. Nd2 Be2 55. b3 Kd5 56. Kh2 Ke5 57.
Kg3 Kf5 58. c4 b4 59. Nb1 Ke4 60. c5 Ke3 61. c6 Ba6 62. c7 Bc8 0-1

[Event "EuTCh"]
[Site "Leon ESP"]
[Date "2001.11.10"]
[Round "5"]
[White "Piket,Je"]
[Black "Lautier,J"]
[Result "1/2-1/2"]
[WhiteElo "2649"]
[BlackElo "2653"]
[EventDate "2001.11.06"]

1. d4 Nf6 2. c4 e6 3. Nf3 b6 4. g3 Ba6 5. b3 Bb4+ 6. Bd2 Be7 7. Nc3 O-O 8.
Qc2 d5 9. cxd5 exd5 10. Bg5 h6 11. Bxf6 Bxf6 12. e3 c5 13. Rd1 Bb7 14. Be2
Nc6 1/2-1/2

[Event "EuTCh"]
[Site "Leon ESP"]
[Date "2001.11.10"]
[Round "5"]
[White "Degraeve,JM"]
[Black "Tiviakov,S"]
[Result "1/2-1/2"]
[WhiteElo "2588"]
[BlackElo "2599"]
[EventDate "2001.11.06"]

1. e4 c5 2. Nf3 Nc6 3. Bb5 d6 4. d4 cxd4 5. Qxd4 Bd7 6. Bxc6 Bxc6 7. Nc3
Nf6 8. Bg5 e6 9. O-O-O Be7 10. Qd3 Qa5 11. h4 h6 12. Bxf6 Bxf6 13. Nd4 Qb6
14. Qe3 O-O-O 15. Rd3 Bxd4 16. Rxd4 e5 17. Rd3 Qxe3+ 18. Rxe3 f5 19. Rd1
Rhf8 20. f3 fxe4 21. fxe4 Rf2 22. g3 1/2-1/2

[Event "EuTCh"]
[Site "Leon ESP"]
[Date "2001.11.10"]
[Round "5"]
[White "Nijboer,F"]
[Black "Fressinet,L"]
[Result "1-0"]
[WhiteElo "2565"]
[BlackElo "2588"]
[EventDate "2001.11.06"]

1. e4 e5 2. Nf3 Nf6 3. Nxe5 d6 4. Nf3 Nxe4 5. d4 d5 6. Bd3 Nc6 7. O-O Be7
8. c4 Nb4 9. Be2 Be6 10. Nc3 O-O 11. Be3 Bf5 12. Rc1 dxc4 13. Bxc4 c6 14.
Ne5 Nxc3 15. bxc3 Nd5 16. Qf3 Be6 17. Bd3 Bf6 18. Bd2 Qd6 19. Rfe1 Rad8 20.
h4 c5 21. h5 cxd4 22. cxd4 Ne7 23. h6 Ng6 24. hxg7 Bxg7 25. Qh5 Bxe5 26.
Rxe5 Qxd4 27. Re3 Rd5 28. Qh6 Qf4 29. Qxf4 Nxf4 30. Rg3+ Ng6 31. Bg5 Kg7
32. Rc7 Rd7 33. Rxd7 Bxd7 34. Be4 b6 35. Ra3 a5 36. Be3 Rb8 37. Rc3 b5 38.
Rc7 Be6 39. f4 Bxa2 40. f5 Nf8 41. Bd4+ Kg8 42. Rc3 b4 43. Rg3+ Ng6 44.
fxg6 fxg6 45. Bc6 Rd8 46. Be5 Rd1+ 47. Kh2 Bd5 48. Ba4 Rd2 49. Rg5 Ra2 50.
Bd7 Kf7 51. Bc7 Rd2 52. Ba4 Kf6 53. Bd8+ Ke6 54. Bxa5 h6 55. Bxb4 Rb2 56.
Bc3 Ra2 57. Re5+ Kf7 58. Be8+ Kf8 59. Bb4+ 1-0

[Event "EuTCh"]
[Site "Leon ESP"]
[Date "2001.11.10"]
[Round "5"]
[White "Milov,V"]
[Black "Beliavsky,A"]
[Result "1/2-1/2"]
[WhiteElo "2602"]
[BlackElo "2668"]
[EventDate "2001.11.06"]

1. d4 Nf6 2. c4 e6 3. Nc3 Bb4 4. e3 c5 5. Nge2 cxd4 6. exd4 O-O 7. a3 Be7
8. Nf4 d6 9. Be3 e5 10. dxe5 dxe5 11. Qxd8 Rxd8 12. Nfd5 Nxd5 13. Nxd5 Nc6
14. O-O-O Bf8 15. Bd3 Rb8 16. b4 Be6 17. Kb2 Rbc8 18. f4 exf4 19. Bxf4 g6
20. Be4 Bg7+ 21. Kb1 f5 22. Bf3 Kf7 23. Bg5 Re8 24. Nf4 Bxc4 25. Rd7+ Kf8
26. Rxb7 Ne5 27. Re1 Nxf3 28. Rxe8+ Rxe8 29. gxf3 Bf7 30. Nd3 Bd5 31. Rxa7
Bxf3 32. Rd7 h6 33. Bd8 g5 34. b5 Re2 35. b6 Be4 36. Kc1 Rxh2 37. b7 Bxb7
38. Rxb7 f4 39. Bb6 Kg8 40. a4 Ra2 41. a5 f3 42. Rc7 1/2-1/2

[Event "EuTCh"]
[Site "Leon ESP"]
[Date "2001.11.10"]
[Round "5"]
[White "Sermek,D"]
[Black "Pelletier,Y"]
[Result "1/2-1/2"]
[WhiteElo "2577"]
[BlackElo "2545"]
[EventDate "2001.11.06"]

1. e4 c5 2. c3 Nf6 3. e5 Nd5 4. Nf3 Nc6 5. Bc4 Nb6 6. Bb3 d6 7. exd6 Qxd6
8. Na3 Be6 9. d4 cxd4 10. Nb5 Qd7 11. Nbxd4 Bxb3 12. Qxb3 Nxd4 13. Nxd4 g6
14. O-O Bg7 15. Rd1 O-O 16. Be3 Nc8 17. Nb5 Qc6 18. Rd5 b6 19. Rad1 a6 20.
Nd4 Bxd4 21. R5xd4 Nd6 22. Bg5 Ra7 23. Qd5 Qxd5 24. Rxd5 Rd8 25. Kf1 Kf8
26. c4 Rc7 27. b3 Ke8 28. Be3 Rc6 29. c5 bxc5 30. Rxc5 Rxc5 31. Bxc5 Ne4
32. Rxd8+ Kxd8 33. Bd4 Kd7 34. Ke2 Kc6 35. Kd3 Kd5 36. f3 Nd6 37. a4 e5 38.
Bf2 f5 39. b4 e4+ 40. fxe4+ fxe4+ 41. Kc3 h5 42. h3 g5 43. g4 1/2-1/2

[Event "EuTCh"]
[Site "Leon ESP"]
[Date "2001.11.10"]
[Round "5"]
[White "Gallagher,Jo"]
[Black "Pavasovic,D"]
[Result "1/2-1/2"]
[WhiteElo "2511"]
[BlackElo "2526"]
[EventDate "2001.11.06"]

1. e4 e5 2. Nf3 Nf6 3. Nxe5 d6 4. Nf3 Nxe4 5. d4 d5 6. Bd3 Nc6 7. O-O Be7
8. c4 Nb4 9. Be2 O-O 10. Nc3 Be6 11. Re1 Bf5 12. Nxd5 Nxd5 13. cxd5 Bb4 14.
Rf1 Qxd5 15. Be3 1/2-1/2

[Event "EuTCh"]
[Site "Leon ESP"]
[Date "2001.11.10"]
[Round "5"]
[White "Mohr,G"]
[Black "Jenni,F"]
[Result "0-1"]
[WhiteElo "2498"]
[BlackElo "2487"]
[EventDate "2001.11.06"]

1. d4 Nf6 2. Bg5 e6 3. e4 h6 4. Bxf6 Qxf6 5. Nc3 Bb4 6. e5 Qe7 7. a3 Bxc3+
8. bxc3 b6 9. f4 Bb7 10. Qg4 f5 11. exf6 gxf6 12. Bd3 f5 13. Qh5+ Qf7 14.
Qxf7+ Kxf7 15. Kf2 d6 16. Be2 Nd7 17. Bf3 Bxf3 18. gxf3 b5 19. a4 bxa4 20.
Rxa4 a5 21. Ne2 Nb6 22. Ra2 Rhb8 23. Rha1 Nc4 24. Nc1 Rb2 25. Rxb2 Nxb2 26.
Nd3 Nc4 27. Ra4 Nb6 28. Ra3 Ke7 29. Nb2 d5 30. Nd3 Nc4 31. Ra4 Kd6 32. Ne5
Nb6 33. Ra3 a4 34. Ke2 c5 35. dxc5+ Kxc5 36. Kd3 Ra7 37. h4 h5 38. Ra1 a3
39. Ra2 Ra8 40. Nf7 Nc4 41. Ng5 Ra6 42. Ke2 Rb6 43. Kd3 Rb1 44. Nxe6+ Kd6
45. Nd4 Re1 46. Nb3 Re3+ 47. Kd4 Rxf3 48. Ra1 Rxf4+ 49. Kd3 Rxh4 50. Rf1
Rh3+ 51. Kd4 Ne5 0-1

[Event "EuTCh"]
[Site "Leon ESP"]
[Date "2001.11.10"]
[Round "5"]
[White "Gashimov,V"]
[Black "Hertneck,G"]
[Result "0-1"]
[WhiteElo "2442"]
[BlackElo "2570"]
[EventDate "2001.11.06"]

1. e4 e6 2. d4 d5 3. Nc3 Bb4 4. e5 c5 5. a3 Bxc3+ 6. bxc3 Ne7 7. a4 Qc7 8.
Nf3 h6 9. Bd3 b6 10. a5 Ba6 11. axb6 axb6 12. Bb5+ Bxb5 13. Rxa8 Ba6 14.
Rxa6 Nxa6 15. Qd3 Nb8 16. O-O Nd7 17. Nh4 O-O 18. f4 f5 19. exf6 Nxf6 20.
f5 Qd7 21. dxc5 bxc5 22. c4 Ne4 23. cxd5 exd5 24. c4 Nxf5 25. Ng6 Rf6 26.
Nf4 Nd4 27. cxd5 Nc3 28. Qc4 Qxd5 29. Qxc3 Rxf4 30. Qe3 Rxf1+ 31. Kxf1 Qc4+
32. Kf2 Qc2+ 33. Kf1 Kh7 34. Bd2 Nf5 35. Qc3 Qxc3 36. Bxc3 Ne3+ 37. Ke2
Nxg2 38. Kd3 g5 39. Kc4 Ne3+ 40. Kxc5 Ng4 41. h4 gxh4 42. Be1 h3 43. Bg3 h2
0-1

[Event "EuTCh"]
[Site "Leon ESP"]
[Date "2001.11.10"]
[Round "5"]
[White "Navara,D"]
[Black "Agrest,E"]
[Result "1/2-1/2"]
[WhiteElo "2499"]
[BlackElo "2563"]
[EventDate "2001.11.06"]

1. e4 c5 2. Nf3 e6 3. d4 cxd4 4. Nxd4 a6 5. Nc3 d6 6. g3 Bd7 7. Bg2 Nc6 8.
O-O Be7 9. Re1 Rc8 10. Nxc6 Bxc6 11. Qg4 h5 12. Qe2 h4 13. a4 hxg3 14. hxg3
Qa5 15. Bd2 Qh5 16. Qxh5 Rxh5 17. a5 Nf6 18. Na4 Nd7 19. c4 Bd8 20. g4 Rh4
21. f3 Ne5 22. b3 Nd3 23. Reb1 Bf6 24. Nb6 Rc7 25. Na8 Rc8 26. Nb6 Rc7
1/2-1/2

[Event "EuTCh"]
[Site "Leon ESP"]
[Date "2001.11.10"]
[Round "5"]
[White "Wedberg,T"]
[Black "Vokac,M"]
[Result "1-0"]
[WhiteElo "2529"]
[BlackElo "2529"]
[EventDate "2001.11.06"]

1. e4 c5 2. Nf3 d6 3. d4 cxd4 4. Nxd4 Nf6 5. Nc3 a6 6. Be3 e5 7. Nb3 Be7 8.
f3 Be6 9. Qd2 O-O 10. O-O-O a5 11. Bb5 Na6 12. Qe2 Nc7 13. Nc5 Nxb5 14.
Qxb5 Qc8 15. Nxe6 fxe6 16. Rd3 Ra6 17. Rhd1 Ne8 18. Qb3 Kf7 19. g3 Qc6 20.
a4 Nf6 21. Nb5 Qd7 22. Bc5 d5 23. Bxe7 Qxe7 24. exd5 Nxd5 25. c4 Qc5 26.
Kb1 Nb4 27. Nd6+ Kg8 28. Ne4 Qc8 29. Rd7 Rc6 30. c5 b6 31. Re7 Nd5 32. Rxd5
exd5 33. Qxd5+ Kh8 34. Nd6 Rxd6 35. cxd6 Qf5+ 36. Ka2 Qc2 37. Qb5 Qd1 38.
d7 Qxf3 39. d8=Q 1-0

[Event "EuTCh"]
[Site "Leon ESP"]
[Date "2001.11.10"]
[Round "5"]
[White "Meduna,E"]
[Black "Brynell,S"]
[Result "1/2-1/2"]
[WhiteElo "2471"]
[BlackElo "2506"]
[EventDate "2001.11.06"]

1. d4 e6 2. Nf3 Nf6 3. c4 b6 4. Bf4 Bb7 5. e3 Bb4+ 6. Nfd2 O-O 7. a3 Be7 8.
Nc3 d5 9. cxd5 Nxd5 10. Nxd5 Bxd5 11. Qc2 c5 12. dxc5 Bxc5 13. Bd3 h6 14.
O-O Nd7 15. Rfd1 Nf6 16. Ne4 Nxe4 17. Bxe4 Bxe4 18. Qxe4 Qh4 19. Qb7 a5 20.
b4 axb4 21. axb4 Rxa1 22. Rxa1 Bxb4 23. Qxb6 1/2-1/2

[Event "EuTCh"]
[Site "Leon ESP"]
[Date "2001.11.10"]
[Round "5"]
[White "Sutovsky,E"]
[Black "Nikolaidis,I"]
[Result "0-1"]
[WhiteElo "2664"]
[BlackElo "2524"]
[EventDate "2001.11.06"]

1. e4 c5 2. Nc3 a6 3. Nf3 d6 4. d4 cxd4 5. Nxd4 Nf6 6. Be2 e5 7. Nb3 Be7 8.
O-O Be6 9. f4 Qc7 10. Kh1 Nbd7 11. g4 h6 12. g5 hxg5 13. fxg5 Nh7 14. Nd5
Qd8 15. Nxe7 Qxe7 16. Qd2 O-O-O 17. Qe3 Kb8 18. Rd1 f6 19. Na5 Nxg5 20.
Bxa6 Rh3 21. Qd2 Nc5 22. Bxb7 Nf3 23. Nc6+ Kxb7 24. Nxe7 Nxd2 25. Rxd2 Nxe4
26. Rg2 g5 27. c4 Bxc4 28. b3 Be6 29. Rc2 Rdh8 30. Ba3 g4 31. Re1 f5 32.
Rxe4 fxe4 33. Bxd6 g3 34. Rc7+ Ka8 35. a4 Rxh2+ 36. Kg1 Rh1+ 37. Kg2 R1h2+
38. Kg1 Bg4 39. Bxe5 Bf3 0-1

[Event "EuTCh"]
[Site "Leon ESP"]
[Date "2001.11.10"]
[Round "5"]
[White "Halkias,S"]
[Black "Greenfeld,A"]
[Result "1/2-1/2"]
[WhiteElo "2519"]
[BlackElo "2581"]
[EventDate "2001.11.06"]

1. d4 Nf6 2. c4 e6 3. Nf3 b6 4. g3 Ba6 5. Qb3 Nc6 6. Nbd2 Bb7 7. e3 Na5 8.
Qa4 c5 9. dxc5 Bxc5 10. Bg2 Rc8 11. O-O Be7 12. b4 Nxc4 13. Nxc4 Rxc4 14.
Qxa7 Bd5 15. Bb2 Bxb4 16. Bd4 O-O 17. Ne5 Rc7 18. Qa6 Bxg2 19. Kxg2 Bc5 20.
Rfd1 Nd5 21. Bxc5 Rxc5 22. e4 Ne3+ 23. fxe3 Rxe5 24. Qb7 Qg5 25. Qxb6 Rxe4
26. Rxd7 Rxe3 27. Rf1 Re2+ 28. Rf2 Rxf2+ 29. Qxf2 Qb5 30. Ra7 Qd5+ 31. Qf3
Qd4 32. Qf2 Qd5+ 33. Qf3 Qc4 34. Ra8 g5 35. a4 g4 36. Rxf8+ Kxf8 37. Qa3+
Ke8 38. a5 Qa6 39. h3 h5 40. hxg4 hxg4 41. Qa4+ Ke7 42. Qb4+ Kd7 43. Qd4+
Kc6 44. Qe4+ Kb5 45. Qe5+ Kb4 46. Qe1+ Kb5 47. Qe5+ Kc6 48. Qe4+ Kd7 49.
Qd4+ Qd6 50. Qa7+ Qc7 51. Qd4+ Ke8 52. Qa4+ Qd7 53. Qa3 Qc6+ 54. Kf2 Qc2+
55. Kg1 Qd1+ 56. Kf2 Qd2+ 57. Kf1 Qd1+ 58. Kf2 Qd4+ 59. Kg2 Qe4+ 60. Kf2
Qc2+ 61. Kg1 Qd1+ 62. Kf2 1/2-1/2

[Event "EuTCh"]
[Site "Leon ESP"]
[Date "2001.11.10"]
[Round "5"]
[White "Kacheishvili,G"]
[Black "Fedorov,Alex"]
[Result "0-1"]
[WhiteElo "2583"]
[BlackElo "2599"]
[EventDate "2001.11.06"]

1. d4 Nf6 2. c4 g6 3. g3 Bg7 4. Bg2 O-O 5. Nf3 d6 6. O-O Nc6 7. Nc3 a6 8.
e4 Bg4 9. Be3 Nd7 10. Qd2 Bxf3 11. Bxf3 e5 12. d5 Nd4 13. Bg2 c5 14. dxc6
bxc6 15. f4 a5 16. b3 Nb6 17. Qd3 c5 18. Rab1 a4 19. b4 cxb4 20. Rxb4 Nd7
21. Qd2 a3 22. Nb5 Qa5 23. Bxd4 exd4 24. Nxd6 Rab8 25. Rfb1 Nc5 26. e5 Rb6
27. Bd5 Na6 28. Nb5 Nxb4 29. Qxb4 Qxb4 30. Rxb4 Rd8 31. Rb3 Bf8 32. Kg2 Bc5
33. g4 g5 34. Kg3 Re8 35. h4 h6 36. Kf3 Kg7 37. Ke4 gxf4 38. Rf3 f6 39. e6
Rbxe6+ 40. Bxe6 Rxe6+ 41. Kd3 Re1 42. Rxf4 Re3+ 43. Kc2 Re2+ 44. Kd3 Rxa2
45. Nxd4 Rb2 46. Rf1 Kg6 47. Ne6 Bd6 48. c5 a2 49. Ra1 Be5 50. h5+ Kf7 51.
Nd8+ Ke8 52. Nc6 Rd2+ 0-1